Statistics for Countries bordering Mozambique

Click here to take the quiz!

General Stats

  • This quiz has been taken 46 times
  • The average score is 6 of 6

Answer Stats

Border lengthCountries% Correct
491 kilometersSouth Africa
97%
419 kilometersZambia
97%
1231 kilometersZimbabwe
97%
756 kilometersTanzania
92%
105 kilometersEswatini
87%
1569 kilometersMalawi
87%

Score Distribution

Percentile by Number Answered

Percent of People with Each Score

Your Score History

You have not taken this quiz